| 000 | 00503nam a2200193Ia 4500 | ||
|---|---|---|---|
| 005 | 20230706110856.0 | ||
| 008 | 131103s9999 xx 000 0 und d | ||
| 020 | _a330244590 | ||
| 040 | _aLoreto College | ||
| 041 | _aEnglish | ||
| 082 |
_aF _bCAN |
||
| 100 | _aCanning,Victor | ||
| 245 | 4 |
_aThe finger of Saturn _cVictor Canning |
|
| 260 |
_aLondon _bPan Books in association with William Heinemann _c1973 |
||
| 300 | _a235 p. | ||
| 650 | _aFiction in English | ||
| 850 | _aLCLIB | ||
| 942 | _cBK | ||
| 999 |
_c16443 _d66922 |
||